000 00714nam a22001815i 4500
001 162482
003 ES-MaACL
005 20250728221801.0
008 041117s1890 uy |||| | spa d
040 _aCAM
_bspa
_cCAM
100 1 _aPose y Blanco, Rafael.
_9131304
245 1 0 _aAlgunos observaciones sobre la naturaleza
_b: resistencia en el espacio y dinĂ¡mica de los fluidos /
_cpor Rafael Pose y Blanco.
260 _aMontevideo :
_b[s.n.],
_c1890 (
_fImprenta Elzeviriana de "La Tribuna Popular")
300 _a47 p. ;
_c21 cm.
650 7 _aNaturaleza
_2embne
_9136579
852 _aES-MaACL
_jT-574-F-1
_z-- Enc. hol. conservando la cub. original
_z-- Enc. en un vol. facticio
999 _c162482
_d162482